Tragikus sors - nagyszerű teljesítmény. Benkő József emlékezete
Elmentve itt :
| Szerző: | |
|---|---|
| Adatforrás: | Meister |
| Forrásdokumentuma: | Művelődés. - 11-12 sz., 1990, 42-43 p. |
| Nyelv: | magyar |
| Kulcsszavak: | művelődéstörténet BENKŐ József |
| LEADER | 00412nab a2200133 i 4500 | ||
|---|---|---|---|
| 001 | bibPRO00002766 | ||
| 008 | 060524s1990 xx hun | ||
| 040 | |a Sz1 | ||
| 041 | |a hun | ||
| 100 | 1 | |a CSŰRŐS István | |
| 245 | 1 | 0 | |a Tragikus sors - nagyszerű teljesítmény. Benkő József emlékezete |c CSŰRŐS István |
| 695 | |a művelődéstörténet | ||
| 695 | |a BENKŐ József | ||
| 773 | 0 | |t Művelődés. - |g 11-12 sz., 1990, 42-43 p. | |